The Spell of Egypt /

Saved in:

Main Author: Bell, Archie, 1877- (Author)

Format: Book

Language: English

Published: Boston : The Page company, 1927.

Subjects:

Tags: Add Tag

No Tags, Be the first to tag this record!

Call Number: DT55 .B4 1927

LEADER 00553nam a2200181Ia 4500
003 OSt
005 20260326133030.0
008 211223s1927 maubf 000 0 eng d
040 |c ARCE Library 
050 4 |a DT55 .B4 1927 
100 1 |a Bell, Archie,   |d 1877-,   |e author 
245 1 4 |a The Spell of Egypt /   |c by Archie Bell. 
264 1 |a Boston :   |b The Page company,   |c 1927. 
300 |a xiii, 366 p. :   |b col. front., plates (part col.), fold. map ;   |c 21 cm. 
651 0 |a Egypt   |x Description and travel.  
901 |a reviewed 
942 |2 lcc  |c BK 
999 |c 41155  |d 41155